[Event "CAN-ch U12"]
[Site "Quebec"]
[Date "2018.07.03"]
[Round "4.74"]
[White "Jiang, David"]
[Black "Zhang, Henry Xianrui"]
[Result "1-0"]
[WhiteElo "1029"]
[BlackElo "1551"]
[PlyCount "149"]
[EventDate "2018.07.02"]
[EventType "swiss"]
[EventRounds "7"]
[EventCountry "CAN"]
[SourceTitle "EXT 2022"]
[Source "ChessBase"]
[SourceDate "2021.10.06"]
[SourceVersion "1"]
[SourceVersionDate "2021.10.06"]
[SourceQuality "1"]

1. d4 Nf6 2. c4 g6 3. Nc3 Bg7 4. e4 d6 5. Nf3 0-0 6. Be2 e5 7. 0-0 Nc6 8. d5 Ne7 9. b4 Ne8 10. c5 f5 11. Ba3 Nf6 12. Bd3 f4 13. Ng5 h6 14. Ne6 Bxe6 15. dxe6 g5 16. h3 Qe8 17. cxd6 cxd6 18. Nb5 Rd8 19. Nxa7 h5 20. f3 Qg6 21. Be2 d5 22. exd5 Nexd5 23. Qb1 e4 24. Bc4 Rfe8 25. Qb3 Rxe6 26. Rad1 Red6 27. Nb5 R6d7 28. Nc3 e3 29. Nxd5 Nxd5 30. Rxd5 Kh8 31. Rxd7 Rxd7 32. Bb2 Re7 33. Bxg7+ Qxg7 34. Re1 Qd4 35. Qd3 Qb6 36. Kf1 Re8 37. Ke2 Qf6 38. Rc1 Rd8 39. Qc3 Rd2+ 40. Kf1 Qxc3 41. Rxc3 Rd1+ 42. Ke2 Rd2+ 43. Ke1 Rxg2 44. Be6 Rf2 45. Bd5 Rh2 46. Bxb7 Rxa2 47. b5 Rb2 48. Rc5 Rg2 49. b6 Rb2 50. Rxg5 Rxb6 51. Rxh5+ Kg7 52. Be4 Rh6 53. Rg5+ Kf6 54. Rf5+ Ke6 55. Rxf4 Ke5 56. Rf5+ Ke6 57. Ke2 Rxh3 58. Kxe3 Rh1 59. Re5+ Kf6 60. f4 Rh3+ 61. Kd4 Rh4 62. Rf5+ Ke6 63. Re5+ Kf6 64. f5 Rf4 65. Re6+ Kf7 66. Ke5 Rf1 67. f6 Re1 68. Re7+ Kf8 69. Ra7 Re2 70. f7 Rf2 71. Bf5 Rg2 72. Be6 Rf2 73. Ra8+ Kg7 74. Rg8+ Kh7 75. Bf5+ 1-0

[Event "CAN-ch U12"]
[Site "Quebec"]
[Date "2018.07.02"]
[Round "2.84"]
[White "Eirew, David"]
[Black "Jiang, David"]
[Result "0-1"]
[WhiteElo "708"]
[BlackElo "1029"]
[PlyCount "72"]
[EventDate "2018.07.02"]
[EventType "swiss"]
[EventRounds "7"]
[EventCountry "CAN"]
[SourceTitle "EXT 2022"]
[Source "ChessBase"]
[SourceDate "2021.10.06"]
[SourceVersion "1"]
[SourceVersionDate "2021.10.06"]
[SourceQuality "1"]

1. e4 c5 2. Nc3 Nc6 3. Bc4 Nf6 4. d3 d6 5. Nge2 g6 6. Bg5 Bg7 7. Qd2 0-0 8. 0-0-0 Na5 9. Bh6 Nxc4 10. dxc4 a6 11. h4 Ng4 12. Be3 Nxe3 13. Qxe3 Be6 14. Qd3 Qd7 15. f4 Rab8 16. e5 b5 17. exd6 Bxc4 18. Qd2 b4 19. Ne4 Qa4 20. Qe3 Qxa2 21. Kd2 Qxb2 22. Ke1 Qxc2 23. N4g3 Bxe2 24. Nxe2 exd6 25. h5 Rbe8 26. Qf3 Bc3+ 27. Kf2 Bd4+ 28. Kg3 Qxe2 29. Qxe2 Rxe2 30. hxg6 fxg6 31. Rh2 Rfe8 32. Rdh1 R8e3+ 33. Kg4 h5+ 34. Kg5 Rg3+ 35. Kh4 Rg4+ 36. Kh3 Re3+ 0-1

[Event "CAN-ch U08"]
[Site "Vancouver"]
[Date "2012.07.04"]
[Round "4"]
[White "Liang, Albert"]
[Black "Jiang, David"]
[Result "1-0"]
[WhiteElo "764"]
[BlackElo "486"]
[PlyCount "25"]
[EventDate "2012.07.03"]
[EventType "swiss"]
[EventRounds "7"]
[EventCountry "CAN"]
[SourceTitle "EXT 2022"]
[Source "ChessBase"]
[SourceDate "2021.10.06"]
[SourceVersion "1"]
[SourceVersionDate "2021.10.06"]
[SourceQuality "1"]

1. d4 d5 2. e3 e6 3. Bd3 Bd6 4. f4 Nf6 5. Nd2 Nc6 6. c4 Nb4 7. Bb1 Bd7 8. Ngf3 Nc6 9. 0-0 Ne4 10. Nxe4 dxe4 11. Ng5 Nb8 12. Qh5 0-0 13. Qxh7# 1-0

[Event "CAN-ch U08"]
[Site "Vancouver"]
[Date "2012.07.03"]
[Round "1"]
[White "Jiang, David"]
[Black "Allard, Max"]
[Result "1-0"]
[WhiteElo "486"]
[BlackElo "801"]
[PlyCount "65"]
[EventDate "2012.07.03"]
[EventType "swiss"]
[EventRounds "7"]
[EventCountry "CAN"]
[SourceTitle "EXT 2022"]
[Source "ChessBase"]
[SourceDate "2021.10.06"]
[SourceVersion "1"]
[SourceVersionDate "2021.10.06"]
[SourceQuality "1"]

1. f4 c5 2. e3 d6 3. Nc3 g6 4. Nf3 Nf6 5. Bc4 Bg4 6. 0-0 Bg7 7. h3 Bf5 8. Ng5 e6 9. e4 Bxh3 10. Nxh3 d5 11. exd5 exd5 12. Re1+ Kf8 13. Bf1 Qd7 14. Re2 d4 15. Nb1 Nc6 16. Na3 Rd8 17. Ng5 Rc8 18. g3 Qf5 19. Bh3 Qd5 20. c4 dxc3 21. bxc3 h6 22. c4 Qd6 23. Nb5 Qd8 24. Bxc8 Qxc8 25. Nh3 Qxh3 26. Kf2 Ng4+ 27. Kf3 Bxa1 28. Nd6 Nd4+ 29. Ke4 Nxe2 30. Qxe2 Qh1+ 31. Kd3 Qxc1 32. Qe8+ Kg7 33. Qxf7# 1-0